000 00623nam a2200229Ia 4500
003 OSt
005 20220924122908.0
006 a|||||r|||| 00| 0
007 ta
008 220923b |||||||| |||| 00| 0 urd d
024 _a314901
037 _cTextual
040 _aARTS
_cARTS
_burd
041 _2urd
_aurd
082 _aO168,1N273x, N4
100 _aAnsari Mohammad Walial Haq
_9191015
245 0 _aNaqsh-e-Zeba
260 _aLucknow
_bNusrat India
_c1994
650 _aURDU POETRY
942 _hO168,1N273x, N4
_cTEXL
_2CC
999 _c413478
_d413478